[Event "Botvinnik Cup 2018"]
[Site "Moscow"]
[Date "2018.08.11"]
[Round "4"]
[White "Paichadze, Luka"]
[Black "Garifullina, Leya"]
[Result "1-0"]
[WhiteElo "2564"]
[BlackElo "2106"]
[Annotator "TA"]
[PlyCount "94"]
[EventDate "2018.08.10"]
[EventCountry "RUS"]
[SourceTitle "playchess.com"]
[Source "ChessBase"]
[SourceQuality "1"]

{[%evp 18,94,-31,-35,-29,-37,-34,-31,-28,-31,-33,-46,-29,-63,-56,-74,-45,-64,-56,-69,-66,-52,-62,-61,-60,-52,-50,-51,210,-83,-15,-73,-20,-41,16,4,41,7,104,63,234,216,245,216,253,261,397,342,368,339,492,500,500,496,686,486,485,480,554,546,707,679,679,487,595,533,627,648,646,650,644,643,644,569,702,700,688,691,681]} 1. e4 e6 2. Qe2 c5 3. d3 Nc6 4. Nf3 Nf6 5. g3 d5 6. Bg2 Be7 7. O-O b5 8. Re1 {C00: Französische Verteidigung (Seltene Züge)} (8. exd5 exd5 9. d4 c4 10. Be3 Bg4 11. h3 Bxf3 12. Qxf3 Qb6 13. Nc3 Rd8 14. g4 b4 15. Ne2 h5 {1-0 (32) McShane,L (2674)-Caruana,F (2796) Las Vegas 2015}) 8... O-O 9. e5 Nd7 10. c3 {LiveBook: 7 Partien. Schwarz steht etwas besser.} Bb7 11. h4 Qc7 12. Bf4 Rfc8 13. Nbd2 a5 14. Nf1 Qd8 15. h5 $146 ({Vorgänger:} 15. N1h2 d4 {1-0 (37) Perez,F (2279)-Pigott,J (2418) Caleta 2018}) 15... h6 16. N1h2 b4 17. Ng4 Bf8 18. Qd2 a4 19. c4 Ne7 20. Nh4 Ra7 21. Rad1 Nb6 22. Qc1 Kh8 $2 {[%mdl 8192] [#]} (22... Ba8 $15 {bleibt weiter vorne.}) 23. Nh2 $2 ({Weiss kommt nicht vorbei an} 23. Bxh6 $1 $18 {[%mdl 512] Und Lg5 würde nun gewinnen.} a3 (23... gxh6 24. Nxh6) 24. bxa3) 23... Qe8 (23... Nc6 $17) 24. N4f3 (24. g4 $11) 24... dxc4 (24... Ba6 $17 {[%cal Rd5c4]} 25. Nd2 Nc6) 25. dxc4 $11 Ba6 ({Günstiger ist} 25... Rd8 $15) 26. b3 Rd8 27. g4 Rad7 (27... Bb7 $11 {bleibt in der Remisbreite.}) 28. Rxd7 Qxd7 $2 {[#]} ({Lieber} 28... Rxd7 $14 29. Nd2 Bb7) 29. g5 $1 $18 hxg5 30. Bxg5 Qd3 {[#]} 31. h6 $1 {[%cal Rh6g7]} Nbc8 (31... gxh6 {ist eine bessere Verteidigung.} 32. Bxh6 Ng8 33. Bxf8 Rxf8) 32. hxg7+ Bxg7 33. Qf4 Qf5 (33... Kg8 {ist wohl besser.} 34. Ng4 Qf5) 34. Qh4+ {Weiß steht klar auf Gewinn.} Qh7 35. Bxe7 Rd3 36. Re3 {zielt auf Txd3 ab.} Rd1+ 37. Nf1 axb3 38. axb3 Bb7 39. Qxh7+ Kxh7 40. Bh4 Kg8 41. Bg5 Nb6 42. N3d2 Bxg2 43. Kxg2 Nd7 44. f4 Nf8 45. Kf2 Ng6 46. Re1 Rxe1 47. Kxe1 Bf8 {Precision: Weiß = 59%, Schwarz = 25%.} 1-0

[Event "Botvinnik Cup 2018"]
[Site "Moscow"]
[Date "2018.08.11"]
[Round "4"]
[White "Paichadze, Luka"]
[Black "Tsvetkov, Andrey"]
[Result "1-0"]
[WhiteElo "2564"]
[BlackElo "2297"]
[Annotator "TA"]
[PlyCount "101"]
[EventDate "2018.08.10"]
[EventCountry "RUS"]
[SourceTitle "playchess.com"]
[Source "ChessBase"]
[SourceQuality "1"]

{[%evp 33,101,-62,-51,-72,-57,-67,-42,-99,-84,-75,-91,-51,0,0,0,0,38,41,41,0,0,-25,-25,-17,-22,-74,-70,-72,-75,-59,-60,-121,-22,-24,-26,-26,-25,-32,0,-12,0,-120,0,0,466,466,459,459,460,428,428,54,54,54,54,54,81,121,83,54,84,54,54,62,169,197,29975,29976,6095,6091]} 1. e4 c5 2. Nf3 d6 3. d4 cxd4 4. Qxd4 Nf6 5. Nc3 Nc6 6. Bb5 Bd7 7. Bxc6 Bxc6 8. Bg5 e6 9. O-O-O Be7 10. Rhe1 O-O 11. Kb1 Qc7 12. Qd2 Rab8 13. Nd4 Rfd8 14. f3 b5 15. Nce2 {B53: Sicilian: 2...d6: Lines with Qxd4} (15. g4 b4 16. Nce2 a5 17. Ng3 Rdc8 18. h4 Ba4 19. Rc1 Bd7 20. Nh5 a4 21. Bxf6 Bxf6 22. Nxf6+ gxf6 23. g5 {1-0 (32) Zhigalko,S (2671)-Kozul,Z (2613) Tallinn 2016}) 15... Ba8 16. g4 b4 17. Ng3 a5 {LiveBook: 7 Games} 18. Nh5 Ne8 19. Bxe7 Qxe7 20. f4 (20. h4 $15) 20... g6 $17 21. Ng3 e5 22. Nf3 d5 $146 (22... a4 $15) ({Predecessor:} 22... a4 23. f5 {0-1 (31) De Haas,R (2265)-Labonte,R (2460) ICCF corr 2013}) 23. Nxe5 $11 {[%cal Re4d5]} dxe4 24. Qe3 Rxd1+ 25. Rxd1 Rd8 26. Re1 Nf6 27. Qc1 Nd7 28. Nxe4 Nxe5 29. Ng3 (29. g5 $11) 29... Qd7 30. fxe5 Qxg4 31. b3 {[#]} a4 $1 {[%mdl 512]} 32. bxa4 {[#]} (32. Qe3 $15) 32... Bc6 (32... Bd5 $1 $17 33. Ne2 Qc4) 33. Qe3 Bxa4 34. Ne4 Qe6 {And now ...Bxc2+! would win.} 35. Qa7 Bc6 {aiming for ...Ra8.} 36. Nc5 Qg4 37. Nd3 (37. e6 $11 Rd1+ 38. Rxd1 Qxd1+ 39. Kb2 Qd4+ 40. Kb1 Qd1+ 41. Kb2 Qd4+ 42. Kb1 Qg1+ 43. Kb2 Qd4+) 37... Be4 (37... Bd5 $17 {White must now prevent ...Ra8.} 38. Qa5 Qc8) 38. Qb6 Rd7 $2 {[%mdl 8192]} (38... Rxd3 $11 {and Black has nothing to worry.} 39. cxd3 Bxd3+ 40. Ka1 Bf5) 39. e6 $1 $18 Rxd3 40. cxd3 Bxd3+ {[%mdl 4096] Endgame KQR-KQB} 41. Ka1 {White threatens Qd8+ and mate.} Qc4 {[%cal Rc4c3]} 42. Qb8+ $2 (42. exf7+ $18 Kxf7 43. Qa7+ Kf8 44. Qe7+ Kg8 45. Qe6+ Qxe6 46. Rxe6) 42... Kg7 $14 {[%cal Rc4d4]} 43. Qe5+ f6 44. Qb2 {e7 is the strong threat.} Qh4 {[#]} 45. Re3 $1 {Hoping for e7.} Bb5 46. e7 Qg5 47. Re1 Qc5 $1 48. Qd2 $36 {[%mdl 2048] Black is under pressure.} Kf7 ({Black should play} 48... Be8 $14) 49. Qe3 $18 Qc6 $2 (49... Qxe3 $18 50. Rxe3 f5) 50. Qb3+ Kg7 51. e8=Q {Precision: White = 54%, Black = 47%.} 1-0

[Event "Botvinnik Cup 2018"]
[Site "Moscow"]
[Date "2018.08.11"]
[Round "4"]
[White "Khusnutdinov, Rustam"]
[Black "Galkin, Gleb"]
[Result "1-0"]
[WhiteElo "2470"]
[BlackElo "2134"]
[Annotator "TA"]
[PlyCount "35"]
[EventDate "2018.08.10"]
[EventCountry "RUS"]
[SourceTitle "playchess.com"]
[Source "ChessBase"]
[SourceQuality "1"]

{[%evp 10,35,30,17,50,32,43,22,62,76,151,135,155,113,438,416,438,425,1061,1045,1032,1014,984,916,1299,1297,29991,29992]} 1. e4 e5 2. Nf3 Nc6 3. Bb5 {[%cal Bf1b5,Bb5a4,Ba4b3,Bb3d5][%mdl 32]} a6 4. Ba4 Nf6 5. d3 b5 6. Bb3 {LiveBook: 1422 Games} g6 {C77: Ruy Lopez: 3...a6 4 Ba4 Nf6, unusual lines} (6... Bc5 7. c3 d6 8. Bg5 h6 9. Bh4 O-O 10. Nbd2 Be6 11. O-O Bb6 12. Re1 Bxb3 13. Nxb3 Nb8 14. d4 Nbd7 15. a4 Re8 {½-½ (67) Carlsen,M (2842)-Mamedyarov,S (2801) Biel 2018}) 7. O-O Bg7 8. d4 $146 ({Predecessor:} 8. Nbd2 O-O 9. Re1 d6 10. c3 Bb7 11. Nf1 Nb8 12. Ng3 Nbd7 13. Be3 d5 14. Bc2 Re8 15. h3 c5 16. Qd2 Qc7 17. Bh6 Bh8 18. Rac1 {1-0 (29) Lopez del Alamo,A (2268)-Garcia Rodriguez,V (2054) Mondariz 2004}) 8... exd4 {The position is equal.} 9. e5 $1 {[%cal Re5f6]} Ne4 (9... Ng8 $142) 10. Bd5 $16 {aiming for Qe2.} ({Resist} 10. Nxd4 $6 O-O $11) 10... f5 11. Nxd4 Bb7 $2 {[%mdl 8192] [#]} (11... Nxd4 $16 {is tougher.} 12. Bxa8 (12. Qxd4 c6 $14) 12... Bxe5) 12. Nxf5 $1 $18 {[%mdl 512]} Bxe5 (12... gxf5 13. Qh5+) 13. Bxe4 gxf5 (13... Qf6 $142 14. Nh6 Bxb2) 14. Qh5+ Ke7 15. Bg5+ Bf6 16. Nc3 Bxg5 17. Qxg5+ Kf7 18. Bd5+ {Precision: White = 54%, Black = 17%.} 1-0

[Event "Botvinnik Cup 2018"]
[Site "Moscow"]
[Date "2018.08.11"]
[Round "4"]
[White "Khusnutdinov, Rustam"]
[Black "Lazavik, Denis"]
[Result "1/2-1/2"]
[WhiteElo "2470"]
[BlackElo "2235"]
[Annotator "ChessBase"]
[PlyCount "65"]
[EventDate "2018.08.10"]
[EventCountry "RUS"]
[SourceTitle "playchess.com"]
[Source "ChessBase"]
[SourceQuality "1"]
[TimeControl "5400+30"]

1. e4 {[%emt 0:00:00]} e5 {[%emt 0:00:00]} 2. Nf3 {[%emt 0:00:00]} Nc6 {[%emt 0:00:01]} 3. Bb5 {[%emt 0:00:00]} a6 {[%emt 0:00:16]} 4. Ba4 {[%emt 0:00:00]} Nf6 {[%emt 0:00:20]} 5. d3 {[%emt 0:00:00]} d6 {[%emt 0:02:08]} 6. c4 {[%emt 0:00:12]} Bd7 {[%emt 0:04:41]} 7. Nc3 {[%emt 0:00:59]} g6 {[%emt 0:01:07]} 8. O-O {[%emt 0:00:14]} Bg7 {[%emt 0:00:35]} 9. Nd5 {[%emt 0:00:30]} Nxd5 {[%emt 0:03:35]} 10. cxd5 {[%emt 0:00:06]} Ne7 {[%emt 0:00:08]} 11. d4 {[%emt 0:01:16]} exd4 {[%emt 0:05:26]} 12. Nxd4 {[%emt 0:00:23]} Bxa4 {[%emt 0:02:53]} 13. Qxa4+ {[%emt 0:00:07]} Qd7 {[%emt 0:00:10]} 14. Qc4 {[%emt 0:02:31]} O-O {[%emt 0:01:00]} 15. Be3 {[%emt 0:00:13]} Rac8 {[%emt 0:06:31]} 16. Rfd1 {[%emt 0:00:24]} Rfe8 {[%emt 0:04:50]} 17. Nf3 {[%emt 0:05:11]} c5 {[%emt 0:01:56]} 18. dxc6 {[%emt 0:00:22]} Nxc6 {[%emt 0:00:11]} 19. Qd3 {[%emt 0:02:21]} Nb4 {[%emt 0:04:30]} 20. Qxd6 {[%emt 0:05:11]} Qxd6 {[%emt 0:00:08]} 21. Rxd6 {[%emt 0:00:02]} Nc2 {[%emt 0:00:13]} 22. Rc1 {[%emt 0:00:31]} Nxe3 {[%emt 0:00:09]} 23. Rxc8 {[%emt 0:00:01]} Rxc8 {[%emt 0:00:10]} 24. fxe3 {[%emt 0:00:02]} Bxb2 {[%emt 0:00:21]} 25. Rb6 {[%emt 0:02:14]} Bc1 {[%emt 0:01:07]} 26. Kf2 {[%emt 0:02:55]} Rc2+ {[%emt 0:01:21]} 27. Kg3 {[%emt 0:00:06]} Bxe3 {[%emt 0:01:19]} 28. Rxb7 {[%emt 0:00:05]} Rxa2 {[%emt 0:01:34]} 29. Ne5 {[%emt 0:00:03]} f6 {[%emt 0:16:01]} 30. Ng4 {[%emt 0:08:59]} Bg5 {[%emt 0:02:16]} 31. Rb8+ {[%emt 0:01:53]} Kg7 {[%emt 0:00:23]} 32. Rb7+ {[%emt 0:00:01]} Kg8 {[%emt 0:00:17]} 33. Rb8+ {[%emt 0:00:01]} 1/2-1/2

[Event "Botvinnik Cup 2018"]
[Site "Moscow"]
[Date "2018.08.11"]
[Round "4"]
[White "Tologontegin, Semetey"]
[Black "Urmonov, Davron"]
[Result "1-0"]
[WhiteElo "2407"]
[BlackElo "1593"]
[Annotator "NA"]
[PlyCount "55"]
[EventDate "2018.08.10"]
[EventCountry "RUS"]
[SourceTitle "playchess.com"]
[Source "ChessBase"]
[SourceQuality "1"]
[TimeControl "5400+30"]

1. b3 {[%emt 0:00:00]} d5 {[%emt 0:00:20]} 2. Bb2 {[%emt 0:00:00]} c5 {[%emt 0:00:13]} 3. e3 {[%emt 0:00:00]} Nc6 {[%emt 0:00:33]} 4. Bb5 {[%emt 0:00:00]} e6 {[%emt 0:00:46]} 5. Nf3 {[%emt 0:00:21]} Nf6 {[%emt 0:00:34]} 6. O-O {[%emt 0:02:27]} Be7 {[%emt 0:00:46]} 7. Ne5 {[%emt 0:00:06]} Bd7 {[%emt 0:00:45]} 8. Bxc6 {[%emt 0:00:03]} Bxc6 {[%emt 0:00:14]} 9. f4 {[%emt 0:01:38]} O-O {[%emt 0:02:35]} 10. d3 {[%emt 0:00:16]} Nd7 {[%emt 0:01:25]} 11. Nd2 {[%emt 0:00:54]} Nxe5 {[%emt 0:00:54]} 12. Bxe5 {[%emt 0:00:25]} d4 {[%emt 0:01:30]} 13. f5 {[%emt 0:03:58]} dxe3 {[%emt 0:04:19]} 14. Nc4 {[%emt 0:01:25]} Qd5 {[%emt 0:02:11]} 15. Qg4 {[%emt 0:00:23]} f6 {[%emt 0:01:30]} 16. Bb2 {[%emt 0:02:28]} exf5 {[%emt 0:02:01]} 17. Rxf5 {[%emt 0:00:44]} Qe6 {[%emt 0:00:56]} 18. Rf4 {[%emt 0:02:36]} Qxg4 {[%emt 0:05:36]} 19. Rxg4 {[%emt 0:00:36]} g5 {[%emt 0:02:05]} 20. Rg3 {[%emt 0:00:49]} b5 {[%emt 0:02:08]} 21. Rxe3 {[%emt 0:01:32]} Rae8 {[%emt 0:00:39]} 22. Rae1 {[%emt 0:00:12]} Kf7 {[%emt 0:01:05]} 23. Rxe7+ {[%emt 0:00:55]} Kg6 {[%emt 0:03:00]} 24. Rxe8 {[%emt 0:00:26]} Bxe8 {[%emt 0:00:02]} 25. Nd6 {[%emt 0:00:20]} Bc6 {[%emt 0:00:27]} 26. Re7 {[%emt 0:00:41]} a5 {[%emt 0:02:40]} 27. Ne4 {[%emt 0:02:42]} Bxe4 {[%emt 0:00:50]} 28. Rxe4 {[%emt 0:00:07]} 1-0

[Event "Botvinnik Cup 2018"]
[Site "Moscow"]
[Date "2018.08.11"]
[Round "4"]
[White "Tologontegin, Semetey"]
[Black "Rakhmatullaev, Almas"]
[Result "1-0"]
[WhiteElo "2407"]
[BlackElo "1896"]
[Annotator "NA"]
[PlyCount "71"]
[EventDate "2018.08.10"]
[EventCountry "RUS"]
[SourceTitle "playchess.com"]
[Source "ChessBase"]
[SourceQuality "1"]
[TimeControl "5400+30"]

1. Nf3 {[%emt 0:00:00]} d5 {[%emt 0:00:00]} 2. e3 {[%emt 0:00:00]} Nf6 {[%emt 0:01:49]} 3. c4 {[%emt 0:04:01]} c6 {[%emt 0:01:16]} 4. Nc3 {[%emt 0:02:03]} g6 {[%emt 0:08:10]} 5. h3 {[%emt 0:04:22]} Bg7 {[%emt 0:00:21]} 6. d4 {[%emt 0:01:18]} O-O {[%emt 0:01:42]} 7. Bd2 {[%emt 0:03:23]} Ne4 {[%emt 0:03:07]} 8. cxd5 {[%emt 0:01:06]} cxd5 {[%emt 0:00:59]} 9. Qb3 {[%emt 0:01:05]} e6 {[%emt 0:02:14]} 10. Bd3 {[%emt 0:04:38]} f5 {[%emt 0:01:58]} 11. Ne2 {[%emt 0:01:57]} Nc6 {[%emt 0:02:14]} 12. Bb4 {[%emt 0:03:17]} Rf7 {[%emt 0:01:10]} 13. Bc3 {[%emt 0:01:51]} Bd7 {[%emt 0:08:36]} 14. O-O {[%emt 0:01:33]} g5 {[%emt 0:11:49]} 15. Bxe4 {[%emt 0:01:45]} fxe4 {[%emt 0:02:32]} 16. Nh2 {[%emt 0:00:53]} b5 {[%emt 0:02:07]} 17. a3 {[%emt 0:00:39]} Qf6 {[%emt 0:03:24]} 18. Bb4 {[%emt 0:00:51]} Nxb4 {[%emt 0:01:50]} 19. Qxb4 {[%emt 0:00:07]} Bf8 {[%emt 0:00:50]} 20. Qa5 {[%emt 0:00:08]} Bd6 {[%emt 0:00:53]} 21. Ng4 {[%emt 0:00:43]} Qg6 {[%emt 0:00:56]} 22. Qa6 {[%emt 0:00:18]} h5 {[%emt 0:02:57]} 23. Nh6+ {[%emt 0:01:17]} Qxh6 {[%emt 0:00:07]} 24. Qxd6 {[%emt 0:00:04]} Raf8 {[%emt 0:02:09]} 25. Rac1 {[%emt 0:00:31]} h4 {[%emt 0:00:39]} 26. Rc7 {[%emt 0:00:43]} Qg7 {[%emt 0:01:25]} 27. Rxa7 {[%emt 0:01:11]} Bc8 {[%emt 0:04:22]} 28. Rxf7 {[%emt 0:00:18]} Qxf7 {[%emt 0:00:10]} 29. f4 {[%emt 0:02:32]} g4 {[%emt 0:05:29]} 30. hxg4 {[%emt 0:00:11]} Qg6 {[%emt 0:00:10]} 31. g5 {[%emt 0:06:07]} Qh5 {[%emt 0:00:16]} 32. Rf2 {[%emt 0:00:02]} h3 {[%emt 0:00:21]} 33. g3 {[%emt 0:00:05]} Qg4 {[%emt 0:03:19]} 34. Kh2 {[%emt 0:00:05]} Qf3 {[%emt 0:02:10]} 35. Rxf3 {[%emt 0:00:50]} exf3 {[%emt 0:00:03]} 36. Qc7 {[%emt 0:00:13]} 1-0

[Event "Botvinnik Cup 2018"]
[Site "Moscow"]
[Date "2018.08.11"]
[Round "4"]
[White "Sevdimaliyev, Urfan"]
[Black "Chiriac, Daniel"]
[Result "1/2-1/2"]
[WhiteElo "2388"]
[BlackElo "1841"]
[Annotator "NA"]
[PlyCount "90"]
[EventDate "2018.08.10"]
[EventCountry "RUS"]
[SourceTitle "playchess.com"]
[Source "ChessBase"]
[SourceQuality "1"]
[TimeControl "5400+30"]

1. d4 {[%emt 0:00:58]} Nf6 {[%emt 0:00:00]} 2. Nf3 {[%emt 0:00:20]} e6 {[%emt 0:00:00]} 3. Bg5 {[%emt 0:00:04]} d5 {[%emt 0:00:07]} 4. Nbd2 {[%emt 0:00:07]} c5 {[%emt 0:00:55]} 5. e3 {[%emt 0:00:13]} Nc6 {[%emt 0:00:51]} 6. c3 {[%emt 0:00:39]} Bd7 {[%emt 0:02:49]} 7. Bd3 {[%emt 0:01:47]} cxd4 {[%emt 0:04:03]} 8. exd4 {[%emt 0:02:09]} Be7 {[%emt 0:00:04]} 9. O-O {[%emt 0:00:37]} h6 {[%emt 0:00:36]} 10. Bh4 {[%emt 0:00:02]} Nh5 {[%emt 0:08:50]} 11. Bxe7 {[%emt 0:01:32]} Qxe7 {[%emt 0:00:05]} 12. Re1 {[%emt 0:00:03]} O-O {[%emt 0:02:02]} 13. Ne5 {[%emt 0:03:08]} Nf4 {[%emt 0:02:23]} 14. Bf1 {[%emt 0:00:40]} Nxe5 {[%emt 0:00:57]} 15. Rxe5 {[%emt 0:00:16]} Ng6 {[%emt 0:01:09]} 16. Re3 {[%emt 0:03:11]} Qd6 {[%emt 0:01:59]} 17. g3 {[%emt 0:00:19]} e5 {[%emt 0:07:48]} 18. dxe5 {[%emt 0:01:01]} Nxe5 {[%emt 0:00:12]} 19. Nc4 {[%emt 0:02:25]} Nxc4 {[%emt 0:02:15]} 20. Bxc4 {[%emt 0:00:07]} Be6 {[%emt 0:05:52]} 21. Qd4 {[%emt 0:09:49]} Qc6 {[%emt 0:01:30]} 22. Bf1 {[%emt 0:07:01]} Rfd8 {[%emt 0:03:16]} 23. Bg2 {[%emt 0:00:59]} Rd7 {[%emt 0:00:39]} 24. Rd1 {[%emt 0:00:29]} Qa6 {[%emt 0:01:27]} 25. a3 {[%emt 0:00:21]} Rad8 {[%emt 0:00:24]} 26. Re5 {[%emt 0:00:35]} Qb5 {[%emt 0:04:05]} 27. Rd2 {[%emt 0:00:44]} b6 {[%emt 0:02:14]} 28. h4 {[%emt 0:01:44]} Qc5 {[%emt 0:00:40]} 29. Qf4 {[%emt 0:05:15]} Qc4 {[%emt 0:03:32]} 30. Rd4 {[%emt 0:02:01]} Qb5 {[%emt 0:00:03]} 31. Qd2 {[%emt 0:00:17]} Qc5 {[%emt 0:05:48]} 32. Bf1 {[%emt 0:04:23]} Qc6 {[%emt 0:01:52]} 33. Bd3 {[%emt 0:01:55]} Qd6 {[%emt 0:02:35]} 34. Re1 {[%emt 0:01:21]} Re7 {[%emt 0:00:52]} 35. Bb1 {[%emt 0:03:38]} b5 {[%emt 0:02:50]} 36. Rd1 {[%emt 0:02:19]} Red7 {[%emt 0:01:02]} 37. Qd3 {[%emt 0:01:48]} Qe5 {[%emt 0:02:45]} 38. f4 {[%emt 0:07:33]} Qb8 {[%emt 0:03:44]} 39. f5 {[%emt 0:03:24]} Bxf5 {[%emt 0:00:52]} 40. Qxf5 {[%emt 0:00:02]} Qxg3+ {[%emt 0:00:07]} 41. Kh1 {[%emt 0:00:46]} Re8 {[%emt 0:02:53]} 42. Be4 {[%emt 0:10:37]} Rxe4 {[%emt 0:03:32]} 43. Rxe4 {[%emt 0:00:21]} dxe4 {[%emt 0:00:03]} 44. Qxd7 {[%emt 0:07:46]} Qf3+ {[%emt 0:00:34]} 45. Kg1 {[%emt 0:00:43]} Qg3+ {[%emt 0:00:09]} 1/2-1/2

[Event "Botvinnik Cup 2018"]
[Site "Moscow"]
[Date "2018.08.11"]
[Round "4"]
[White "Sevdimaliyev, Urfan"]
[Black "Mikhailova, Alina"]
[Result "1-0"]
[WhiteElo "2388"]
[BlackElo "1398"]
[Annotator "NA"]
[PlyCount "67"]
[EventDate "2018.08.10"]
[EventCountry "RUS"]
[SourceTitle "playchess.com"]
[Source "ChessBase"]
[SourceQuality "1"]
[TimeControl "5400+30"]

1. d4 {[%emt 0:01:56]} Nf6 {[%emt 0:00:00]} 2. Nf3 {[%emt 0:00:39]} e6 {[%emt 0:00:00]} 3. Bg5 {[%emt 0:02:13]} h6 {[%emt 0:00:00]} 4. Bh4 {[%emt 0:00:23]} Be7 {[%emt 0:00:02]} 5. Nbd2 {[%emt 0:01:20]} b6 {[%emt 0:00:15]} 6. e4 {[%emt 0:03:36]} Bb7 {[%emt 0:01:36]} 7. Bd3 {[%emt 0:04:00]} d5 {[%emt 0:05:36]} 8. e5 {[%emt 0:01:30]} Nfd7 {[%emt 0:00:15]} 9. Bxe7 {[%emt 0:00:08]} Qxe7 {[%emt 0:00:07]} 10. O-O {[%emt 0:00:17]} O-O {[%emt 0:00:17]} 11. c3 {[%emt 0:02:52]} c5 {[%emt 0:00:23]} 12. Re1 {[%emt 0:02:48]} Nc6 {[%emt 0:05:36]} 13. a3 {[%emt 0:00:27]} a5 {[%emt 0:03:01]} 14. Nf1 {[%emt 0:03:33]} c4 {[%emt 0:19:29]} 15. Bb1 {[%emt 0:00:29]} b5 {[%emt 0:00:15]} 16. Qc2 {[%emt 0:13:49]} g6 {[%emt 0:01:05]} 17. h4 {[%emt 0:04:40]} b4 {[%emt 0:16:08]} 18. axb4 {[%emt 0:04:59]} axb4 {[%emt 0:00:32]} 19. Rxa8 {[%emt 0:00:21]} Rxa8 {[%emt 0:00:38]} 20. cxb4 {[%emt 0:04:09]} Qxb4 {[%emt 0:06:02]} 21. Qc1 {[%emt 0:03:41]} Kg7 {[%emt 0:01:50]} 22. h5 {[%emt 0:02:36]} Na5 {[%emt 0:07:40]} 23. hxg6 {[%emt 0:02:49]} fxg6 {[%emt 0:00:09]} 24. N1h2 {[%emt 0:02:17]} Nb3 {[%emt 0:08:51]} 25. Qe3 {[%emt 0:01:56]} Qe7 {[%emt 0:05:29]} 26. Ng4 {[%emt 0:01:32]} Rh8 {[%emt 0:00:16]} 27. Qe2 {[%emt 0:02:47]} Nb8 {[%emt 0:06:51]} 28. Nf6 {[%emt 0:10:54]} g5 {[%emt 0:03:05]} 29. Qe3 {[%emt 0:04:33]} Nd7 {[%emt 0:05:27]} 30. Nxg5 {[%emt 0:01:13]} hxg5 {[%emt 0:00:45]} 31. Qxg5+ {[%emt 0:00:02]} Kf8 {[%emt 0:00:04]} 32. Nxd7+ {[%emt 0:00:38]} Qxd7 {[%emt 0:00:06]} 33. Qf6+ {[%emt 0:00:03]} Kg8 {[%emt 0:00:14]} 34. Re3 {[%emt 0:00:03]} 1-0

[Event "Botvinnik Cup 2018"]
[Site "Moscow"]
[Date "2018.08.11"]
[Round "4"]
[White "Komliakov, Viktor"]
[Black "Ahmadzada, Ahmad"]
[Result "0-1"]
[WhiteElo "2366"]
[BlackElo "2342"]
[Annotator "NA"]
[PlyCount "88"]
[EventDate "2018.08.10"]
[EventCountry "RUS"]
[SourceTitle "playchess.com"]
[Source "ChessBase"]
[SourceQuality "1"]
[TimeControl "5400+30"]

1. e4 {[%emt 0:00:00]} e6 {[%emt 0:01:34]} 2. d3 {[%emt 0:00:11]} d5 {[%emt 0:00:06]} 3. Nd2 {[%emt 0:00:05]} c5 {[%emt 0:00:17]} 4. Ngf3 {[%emt 0:00:11]} Nc6 {[%emt 0:00:07]} 5. g3 {[%emt 0:00:07]} g6 {[%emt 0:00:04]} 6. Bg2 {[%emt 0:00:43]} Bg7 {[%emt 0:00:08]} 7. O-O {[%emt 0:00:08]} Nge7 {[%emt 0:00:11]} 8. Re1 {[%emt 0:00:23]} b6 {[%emt 0:00:15]} 9. c3 {[%emt 0:12:57]} a5 {[%emt 0:00:51]} 10. e5 {[%emt 0:02:41]} Qc7 {[%emt 0:00:44]} 11. Qe2 {[%emt 0:01:58]} h6 {[%emt 0:00:30]} 12. h4 {[%emt 0:03:05]} g5 {[%emt 0:00:06]} 13. hxg5 {[%emt 0:03:10]} hxg5 {[%emt 0:00:03]} 14. Nxg5 {[%emt 0:02:24]} Qxe5 {[%emt 0:00:35]} 15. Nde4 {[%emt 0:17:51]} dxe4 {[%emt 0:01:16]} 16. Bf4 {[%emt 0:00:33]} Qf6 {[%emt 0:02:44]} 17. Nxe4 {[%emt 0:00:27]} Qg6 {[%emt 0:00:50]} 18. Nd6+ {[%emt 0:06:08]} Kf8 {[%emt 0:00:14]} 19. Nc4 {[%emt 0:03:09]} Qh7 {[%emt 0:02:08]} 20. Nxb6 {[%emt 0:00:35]} Bb7 {[%emt 0:01:37]} 21. Nxa8 {[%emt 0:09:34]} Nd4 {[%emt 0:03:05]} 22. Bxb7 {[%emt 0:00:32]} Nxe2+ {[%emt 0:00:04]} 23. Rxe2 {[%emt 0:00:02]} Nd5 {[%emt 0:01:49]} 24. Bxd5 {[%emt 0:09:39]} Qh2+ {[%emt 0:00:04]} 25. Kf1 {[%emt 0:00:03]} exd5 {[%emt 0:00:11]} 26. Bd6+ {[%emt 0:00:03]} Kg8 {[%emt 0:00:10]} 27. Re8+ {[%emt 0:00:10]} Kh7 {[%emt 0:00:07]} 28. Rxh8+ {[%emt 0:00:02]} Kxh8 {[%emt 0:00:20]} 29. Re1 {[%emt 0:01:04]} Qh1+ {[%emt 0:02:05]} 30. Ke2 {[%emt 0:02:10]} Qh6 {[%emt 0:00:08]} 31. Bf4 {[%emt 0:00:31]} Qc6 {[%emt 0:00:16]} 32. Nc7 {[%emt 0:00:07]} Qb7 {[%emt 0:00:05]} 33. Kf1 {[%emt 0:05:44]} Qxb2 {[%emt 0:00:54]} 34. Nxd5 {[%emt 0:03:16]} Qxa2 {[%emt 0:00:11]} 35. c4 {[%emt 0:01:23]} Bd4 {[%emt 0:01:00]} 36. Re2 {[%emt 0:05:51]} Qb1+ {[%emt 0:00:08]} 37. Kg2 {[%emt 0:00:59]} Qxd3 {[%emt 0:00:31]} 38. Re8+ {[%emt 0:03:05]} Kg7 {[%emt 0:00:18]} 39. Ne3 {[%emt 0:00:49]} a4 {[%emt 0:01:01]} 40. g4 {[%emt 0:01:27]} Bxe3 {[%emt 0:00:06]} 41. Bxe3 {[%emt 0:00:09]} Qxc4 {[%emt 0:00:18]} 42. Kg3 {[%emt 0:00:12]} a3 {[%emt 0:00:09]} 43. Rc8 {[%emt 0:01:58]} a2 {[%emt 0:00:09]} 44. Bxc5 {[%emt 0:03:09]} Qd3+ {[%emt 0:00:11]} 0-1